Statistics for Top 15 Wealthiest Countries in the World

Click here to take the quiz!

General Stats

  • This quiz has been taken 20 times
  • The average score is 12 of 15

Answer Stats

HintAnswer% Correct
GDP per capita (PPP): $70,276.60Switzerland
95%
GDP per capita (PPP): $65,279.50United States
95%
GDP per capita (PPP): $67,978.70Norway
90%
GDP per capita (PPP): $60,334.80Denmark
85%
GDP per capita (PPP): $55,891.20Germany
85%
GDP per capita (PPP): $120,962.20Luxembourg
85%
GDP per capita (PPP): $87,212.00Ireland
80%
GDP per capita (PPP): $101,936.70Singapore
80%
GDP per capita (PPP): $58,512.70Iceland
75%
GDP per capita (PPP): $69,957.60United Arab Emirates
75%
GDP per capita (PPP): $93,851.70Qatar
70%
GDP per capita (PPP): $64,724.10Brunei
65%
GDP per capita (PPP): $59,469.10Netherlands
65%
GDP per capita (PPP): $58,649.70Austria
60%
GDP per capita (PPP): $61,006.80San Marino
55%

Score Distribution

Percentile by Number Answered

Percent of People with Each Score

Your Score History

You have not taken this quiz